Statistics for JoJo's Bizarre Adventure - Stands Quiz (Parts 3-9)

Click here to take the quiz!

General Stats

  • This quiz has been taken 13,419 times
    (3,746 since last reset)
  • The average score is 69 of 158

Answer Stats

HintAnswer% Correct
Jotaro KujoStar Platinum
97%
Joseph JoestarHermit Purple
92%
Jean Pierre PolnareffSilver Chariot
91%
Muhammad AvdolMagician's Red
85%
DIO/Diego Brando from Another UniverseThe World
85%
Noriaki KakyoinHierophant Green
82%
IggyThe Fool
82%
Josuke HigashikataCrazy Diamond
80%
Yoshikage Kira | Yoshikage Kira (JoJolion)Killer Queen
80%
Okuyasu NijimuraThe Hand
80%
Rohan KishibeHeaven's Door
75%
Koichi HiroseEchoes
74%
DiavoloKing Crimson
74%
Giorno GiovannaGold Experience
73%
Bruno BuccellatiSticky Fingers
73%
Jolyne CujohStone Free
73%
Guido MistaSex Pistols
72%
Enrico PucciMade in Heaven
71%
Jean Pierre PolnareffChariot Requiem
70%
Hol HorseEmperor
70%
Enrico PucciWhitesnake
70%
Narancia GhirgaAerosmith
69%
Vanilla IceCream
69%
Pannacotta FugoPurple Haze
69%
Weather ReportWeather Report
69%
Giorno GiovannaGold Experience Requiem
68%
Leone AbbacchioMoody Blues
66%
Johnny JoestarTusk
66%
Hermes CostelloKiss
65%
Enrico PucciC-Moon
64%
Foo FightersFoo Fighters
64%
Trish UnaSpice Girl
64%
Gray FlyTower of Gray
64%
Funny ValentineDirty Deeds Done Dirt Cheap
62%
Risotto NeroMetallica
61%
Caravan Serai/Chaka/Khan/PolnareffAnubis
60%
Akira OtoishiRed Hot Chili Pepper
60%
Steely DanLovers
59%
Mannish BoyDeath 13
58%
Keicho NijimuraBad Company
57%
CioccolataGreen Day
57%
Josuke Higashikata (JoJolion)/Josefumi KujoSoft and Wet
57%
ForeverStrength
57%
Narciso AnasuiDiver Down
56%
EnyaJustice
56%
Arabia FatsSun
56%
NenaEmpress
55%
J. GeilHanged Man
55%
Diego Brando/Dr. FerdinandScary Monsters
54%
Captain TennilleDark Blue Moon
53%
PolpoBlack Sabbath
52%
PesciBeach Boy
51%
Rubber SoulYellow Temperance
51%
ZZWheel of Fortune
50%
Gyro ZeppeliBall Breaker
48%
Shigekiyo YanguHarvest
48%
Yukako YamagishiLove Deluxe
48%
Tonio TrussardiPearl Jam
48%
Coco JumboMr. President
47%
GhiaccioWhite Album
47%
Aya TsujiCinderella
46%
IllusoMan in the Mirror
46%
Angelo KatagiriAqua Necklace
45%
Tamami KobayashiThe Lock
45%
N'DoulGeb
44%
Yuya FungamiHighway Star
44%
SeccoOasis
44%
BoingoThoth
44%
CameoJudgement
43%
CarneNotorious B.I.G
43%
ProsciuttoThe Grateful Dead
43%
TooruWonder of U
43%
MariahBastet
42%
Emporio AlniñoBurning Down the House
42%
Pet ShopHorus
42%
AlessiSet
42%
MeloneBaby Face
41%
Daniel J. D'ArbyOsiris
41%
DevoEbony Devil
40%
PocolocoHey Ya!
40%
UngaroBohemian Rhapsody
39%
Mikitaka HazekuraEarth Wind and Fire
39%
Toyohiro KanedaichiSuper Fly
39%
MidlerHigh Priestess
38%
FormaggioLittle Feet
38%
Bug-EatenRatt
38%
SqualoClash
37%
OingoKhnum
37%
Toshikazu HazamadaSurface
37%
Shizuka JoestarAchtung Baby
36%
Yoshihiro KiraAtom Heart Father
36%
Ken OyanagiBoy II Man
36%
Thunder McQueenHighway to Hell
36%
SaleKraft Work
36%
Jodio JoestarNovember Rain
36%
TizianoTalking Head
36%
Terunosuke MiyamotoEnigma
35%
GuessGoo Goo Dolls
35%
ScolippiRolling Stone
35%
TamaStray Cat
35%
Donatello VersaceUnder World
34%
Terence T. D'ArbyAtum
33%
Masazo KinotoCheap Trick
32%
Hot PantsCream Starter
32%
Sports MaxxLimp Bizkit
32%
D-I-S-C-OChocolate Disco
31%
GuccioSurvivor
31%
Kenny GTenore Sax
31%
BlackmoreCatch the Rainbow
30%
KenzoDragon's Dream
30%
Green BabyGreen, Green Grass of Home
30%
Ringo RoadagainMandom
30%
Johngalli AManhattan Transfer
30%
Mario ZuccheroSoft Machine
30%
Miuccia MiullerJail House Lock
29%
D&GYo-Yo Ma
29%
Joshu HigashikataNut King Call
28%
Yasuho HirosePaisley Park
28%
RykielSky High
28%
MiraschonMarilyn Manson
27%
Norisuke Higashikata IVKing Nothing
26%
Lucy SteelTicket to Ride
26%
Axl ROCivil War
25%
SandmanIn a Silent Way
25%
Lang WranglerJumpin' Jack Flash
25%
Mountain TimOh! Lonesome Me
25%
Viviano WestwoodPlanet Waves
25%
Daiya HigashikataCalifornia King Bed
24%
Karera SakunamiLove Love Deluxe
24%
Magent Magent20th Century Boy
23%
Kyo NijimuraBorn This Way
23%
Jobin HigashikataSpeed King
23%
Sugar MountainSugar Mountain's Spring
23%
Boom Boom FamilyTomb of the Boom
23%
Rai MamezukuDoggy Style
22%
Tsurugi HigashikataPaper Moon King
22%
Eleven MenTattoo You!
22%
Dragona JoestarSmooth Operators
21%
Tamaki DamoVitamin C
21%
Pork Pie Hat KidWired
21%
Mike O.Tubular Bells
20%
Wu TomokiDoctor Wu
18%
Ojiro SasameFun Fun Fun
18%
Yotsuyu YagiyamaI Am a Rock
18%
DolomiteBlue Hawaii
17%
Poor TomOzone Baby
17%
OyecomovaBoku no Rhythm wo Kiitekure
16%
Elder A. Phex brotherSchott Key no. 1
16%
Younger A. Phex brotherSchott Key no. 2
16%
Paco LaburantesThe Hustle
16%
Aisho DainenjiyamaDoobie Wah!
15%
Caato HigashikataSpace Trucking
15%
Hato HigashikataWalking Heart
15%
Mitsuba HigashikataAwaking III Leaves
14%
Urban GuerillaBrain Storm
14%
Shakedown RoadLes Feuilles
14%
Usagi AlohaoeThe Matte Kudasai
12%

Score Distribution

Percentile by Number Answered

Percent of People with Each Score

Your Score History

You have not taken this quiz since the last reset